[Event "Baden-ch AT2"]
[Site "Oberwinden"]
[Date "2007.04.13"]
[Round "8"]
[White "Streicher, Jens"]
[Black "Kaupp, Wolfgang"]
[Result "0-1"]
[WhiteElo "1564"]
[BlackElo "1666"]
[PlyCount "66"]
[EventDate "2007.04.07"]
[EventType "swiss"]
[EventRounds "9"]
[EventCountry "GER"]
[SourceTitle "CBM 117 Extra"]
[Source "ChessBase"]
[SourceDate "2007.05.09"]
[SourceVersion "1"]
[SourceVersionDate "2007.05.09"]
[SourceQuality "1"]

1. g3 c5 2. Bg2 Nc6 3. d3 g6 4. Nd2 Bg7 5. e3 e5 6. Ne2 Nge7 7. a3 0-0 8. Rb1 Rb8 9. 0-0 d6 10. h3 b5 11. b3 a5 12. Bb2 a4 13. f4 axb3 14. cxb3 Be6 15. g4 f5 16. Ng3 fxg4 17. hxg4 Qd7 18. Bh3 exf4 19. Bxg7 Kxg7 20. exf4 Nd4 21. f5 gxf5 22. gxf5 Ndxf5 23. Nh5+ Kh8 24. Qe2 Nd4 25. Qe4 Bxh3 26. Nf6 Rxf6 27. Rxf6 Bf5 28. Qh4 Rg8+ 29. Kf2 Nd5 30. Rh6 Bxd3 31. Rh1 Qf5+ 32. Ke1 Re8+ 33. Kd1 Be2+ 0-1

[Event "Baden-ch AT2"]
[Site "Oberwinden"]
[Date "2007.04.11"]
[Round "6"]
[White "Streicher, Jens"]
[Black "Wernet, Markus"]
[Result "1/2-1/2"]
[WhiteElo "1564"]
[BlackElo "1533"]
[PlyCount "99"]
[EventDate "2007.04.07"]
[EventType "swiss"]
[EventRounds "9"]
[EventCountry "GER"]
[SourceTitle "CBM 117 Extra"]
[Source "ChessBase"]
[SourceDate "2007.05.09"]
[SourceVersion "1"]
[SourceVersionDate "2007.05.09"]
[SourceQuality "1"]

1. g3 Nf6 2. Bg2 c6 3. d3 d5 4. Nd2 g6 5. e3 Bg7 6. Ne2 Bf5 7. h3 Na6 8. a3 Qd7 9. Rb1 Nc7 10. b3 Rc8 11. Bb2 a6 12. g4 Be6 13. Ng3 h6 14. f4 Qd6 15. Be5 Qxa3 16. Nf3 Kf8 17. g5 Nd7 18. Bxg7+ Kxg7 19. gxh6+ Rxh6 20. Ng5 Qd6 21. Nxe6+ Qxe6 22. Kf2 Qf6 23. Qg4 e6 24. h4 Ne5 25. Qg5 Nd7 26. Bf3 Qxg5 27. fxg5 Rh7 28. h5 gxh5 29. Nxh5+ Kg6 30. Rbg1 Rg8 31. Nf4+ Kg7 32. Bh5 Kf8 33. g6 Rhg7 34. gxf7 Rxg1 35. fxg8Q+ Rxg8 36. Ng6+ Kf7 37. Rg1 Rd8 38. Nf4+ Ke7 39. Rg7+ Kd6 40. d4 Nf6 41. Bg6 Rg8 42. Rf7 Ng4+ 43. Kf3 Nh2+ 44. Ke2 Ng4 45. c4 dxc4 46. bxc4 b6 47. c5+ bxc5 48. dxc5+ Kxc5 49. Rxc7 Kd6 50. Ra7 1/2-1/2

[Event "Baden-ch AT2"]
[Site "Oberwinden"]
[Date "2007.04.08"]
[Round "2"]
[White "Baehr, Wolfgang"]
[Black "Streicher, Jens"]
[Result "0-1"]
[WhiteElo "1685"]
[BlackElo "1564"]
[PlyCount "116"]
[EventDate "2007.04.07"]
[EventType "swiss"]
[EventRounds "9"]
[EventCountry "GER"]
[SourceTitle "CBM 117 Extra"]
[Source "ChessBase"]
[SourceDate "2007.05.09"]
[SourceVersion "1"]
[SourceVersionDate "2007.05.09"]
[SourceQuality "1"]

1. d4 g6 2. c4 Bg7 3. Nc3 d6 4. Nf3 Nd7 5. Qc2 e6 6. g3 Ne7 7. e4 h6 8. Be3 a6 9. Bg2 b6 10. 0-0 Bb7 11. b3 g5 12. Rad1 Ng6 13. d5 e5 14. Bh3 Nf6 15. Nd2 Bc8 16. Bg2 0-0 17. f3 Nh5 18. Ne2 f5 19. f4 gxf4 20. gxf4 Nh4 21. Ng3 Nxg2 22. Kxg2 Nxf4+ 23. Bxf4 exf4 24. Rxf4 Be5 25. Rf2 f4 26. Nf5 Bxf5 27. exf5 Qg5+ 28. Kh1 Qxf5 29. Rg1+ Kh7 30. Qxf5+ Rxf5 31. Nf3 Raf8 32. Re2 Bc3 33. Rc1 Bb4 34. Re7+ R5f7 35. Rxf7+ Rxf7 36. Rc2 Bc5 37. Re2 Be3 38. Rg2 a5 39. Re2 Kg6 40. Kg2 Kf5 41. Nd2 Bxd2 42. Rxd2 Re7 43. Kf2 Re3 44. Rd4 Ke5 45. Rd2 Ke4 46. Rd1 f3 47. Rd2 h5 48. Kf1 Rd3 49. Ke1 Ke3 50. Rc2 f2+ 51. Rxf2 Rd1+ 52. Kxd1 Kxf2 53. a3 Kg2 54. Ke2 Kxh2 55. Kf2 h4 56. b4 a4 57. b5 h3 58. Kf3 Kg1 0-1

[Event "RLP-ch MTB 24th"]
[Site "Kaiserslautern"]
[Date "2005.??.??"]
[Round "1"]
[White "Ollenberger, Roland"]
[Black "Streicher, Jens"]
[Result "1-0"]
[WhiteElo "2090"]
[BlackElo "1620"]
[PlyCount "83"]
[EventDate "2005.??.??"]
[EventType "swiss"]
[EventRounds "7"]
[EventCountry "GER"]
[SourceTitle "EXT 2009"]
[Source "ChessBase"]
[SourceDate "2008.11.26"]
[SourceVersion "1"]
[SourceVersionDate "2008.11.26"]
[SourceQuality "1"]

1. e4 d5 2. exd5 Qxd5 3. Nc3 Qa5 4. Bc4 Nf6 5. d4 Bg4 6. f3 Bf5 7. Qe2 c6 8. Bd2 Qc7 9. 0-0-0 Nbd7 10. g4 Bg6 11. h4 h5 12. g5 Nd5 13. Bxd5 cxd5 14. Nh3 e6 15. Nf4 Qc4 16. Qxc4 dxc4 17. Nxg6 fxg6 18. Rhe1 Kf7 19. Nb5 Rc8 20. Nxa7 Ra8 21. Nb5 Rxa2 22. Kb1 Ra6 23. Re4 Rb6 24. Nc7 Ba3 25. Bc3 Bxb2 26. Ba5 c3 27. Bxb6 Nxb6 28. Rxe6 Nc4 29. Rde1 Ba3 30. Re8 Rxe8 31. Nxe8 Nd2+ 32. Ka2 Be7 33. Nc7 Bd6 34. Nd5 Bg3 35. Rh1 Bf2 36. Nxc3 Bxd4 37. Ne4 Nxe4 38. fxe4 Ke6 39. Rh2 Ke5 40. Re2 Kf4 41. Kb3 Be3 42. Rxe3 1-0